Turkic States in History Multiple Choise Quiz - Statistics

General Stats
  • This quiz has been taken 8 times
  • The average score is 6 of 15
Answer Stats
Question Answer % Correct
Which Empire İn The Options Was Never Became Vassal of Ottoman Empire? Ethiopian Empire
80%
Which Khanate İn The Options İs Not Azerbaijani Khanate? Khiva Khanate
80%
Who Turkic State Never İnvaded By Soviet Union? Turkey
80%
Which Beylik İn The Options İs Not 2nd Period Anatolian Beylik? Artuklular
40%
Which Turkic Country İn The Soviet Union Has The Status of SSR And Not The ASSR? Bukhara
40%
Which Kingdom Was Not Defeated By The Ottomans İn The Battle of Nicopolis? Moravian Serbia
40%
Which One İn The Options İs Turkic State,But Not Empire? Nogai Horde
40%
Which Country İn The Options Never İnvaded By Turkic Empires? Norway
40%
What is The Biggest Turkic State İn History By Area? Xiongnu Empire
40%
Which empire is not one of the 16 great Turkic empires? Yenisei Kyrgyz Khanate
40%
Which State İn The Options İs Not Turkic? 2nd Bulgarian Empire
20%
What Was The Surface Area of The Ottoman Empire At İts greatest extent?(İncluding Vassals) 8.2 Million km^2
20%
Which Empire İn The Options İs Not İslamic Turkic Empire? Yenisei-Kyrgyz khanate
20%
How Many Parts Was The Xiongnu Empire Divided İnto? 5
0%
What İs The First Turkic Civilization? Anav Culture
0%
No matching quizzes found
Score Distribution
Percent of People with Each Score
Percentile by Number Answered
Your Score History
You have not taken this quiz